000 00583cam a2200169 4500500
005 20260405002612.0
041 _afre
042 _adc
100 1 0 _aLacroix, Alexandre
_eauthor
245 0 0 _a“Discours sur l’origine et les fondements de l’inégalité parmi les hommes”
260 _c2017.
500 _a49
690 _aJean-Jacques Rousseau
690 _aSprint
786 0 _nPhilosophie magazine | 115 | 12-1 | 2017-12-01 | p. 39-39 | 1951-1787
856 4 1 _uhttps://shs.cairn.info/magazine-philosophie-magazine-2017-12-1-page-39?lang=fr&redirect-ssocas=7080
999 _c2059200
_d2059200